[Event "XII Figueira da Foz Open 2018"]
[Site "Figueira da Foz"]
[Date "2018.11.01"]
[Round "5"]
[White "Dias, Ricardo Pedro Cruz"]
[Black "Puglia, Francesco"]
[Result "1/2-1/2"]
[WhiteElo "2098"]
[BlackElo "1803"]
[Annotator "NA RC"]
[PlyCount "134"]
[EventDate "2018.10.30"]
[EventType "swiss"]
[EventCountry "POR"]
[SourceTitle "playchess.com"]
[Source "ChessBase"]
[SourceQuality "1"]
[TimeControl "40/5400+30:1800+30"]

1. e4 {[%emt 0:00:34]} c5 {[%emt 0:00:00]} 2. Nf3 {[%emt 0:00:09]} d6 {[%emt 0:00:00]} 3. d4 {[%emt 0:00:06]} cxd4 {[%emt 0:00:00]} 4. Nxd4 {[%emt 0:00:08]} Nf6 {[%emt 0:00:03]} 5. Nc3 {[%emt 0:00:03]} a6 {[%emt 0:00:03]} 6. Bc4 {[%emt 0:00:29]} e6 {[%emt 0:00:02]} 7. Bb3 {[%emt 0:00:06]} b5 {[%emt 0:00:21]} 8. O-O {[%emt 0:00:08]} Be7 {[%emt 0:00:07]} 9. f4 {[%emt 0:02:30]} Bb7 {[%emt 0:05:11]} 10. Bxe6 {[%emt 0:07:50] B87: Sicilian Scheveningen/Najdorf: 6 Bc4, with early ...b5} (10. a3 Nbd7 11. Kh1 Nc5 12. e5 dxe5 13. fxe5 Nfe4 14. Nxe4 Bxe4 15. Ba2 O-O 16. c3 Qc7 17. Bf4 Rad8 {0-1 (48) Cruz,J (2432)-Santos Latasa,J (2536) Sitges 2017}) 10... fxe6 {[%emt 0:00:06]} 11. Nxe6 {[%emt 0:00:07]} Qb6+ {[%emt 0:00:05]} 12. Kh1 {[%emt 0:00:34]} Kf7 {[%emt 0:00:51]} 13. Ng5+ {[%emt 0:04:48]} Kg8 {[%emt 0:07:04]} ({Predecessor:} 13... Ke8 14. Qe2 b4 15. Be3 Qc6 16. Nd5 Nxd5 17. exd5 Qxd5 18. Rad1 Qf5 19. Bd4 Kd7 20. Bxg7 Rg8 21. Be5 Rg6 {½-½ (21) Soelter,R-Hemmelgarn,K Borgholzhausen 1978}) 14. e5 {[%emt 0:00:28]} Qc6 {[%emt 1:19:57]} 15. Rf2 {[%emt 0:00:30]} Nfd7 {[%emt 0:00:30]} 16. Qg4 {[%emt 0:00:30]} dxe5 {[%emt 0:00:30]} 17. Ne6 {[%emt 0:00:30]} Bf6 {[%emt 0:00:30]} 18. f5 {[%emt 0:00:30]} h5 {[%emt 0:00:30]} 19. Qg3 {[%emt 0:00:30]} h4 {[%emt 0:00:30]} 20. Qg6 {[%emt 0:00:30]} Nf8 {[%emt 0:00:30]} 21. Qg4 {[%emt 0:00:30]} Nbd7 {[%emt 0:00:30]} 22. Be3 {[%emt 0:00:30]} Re8 23. Rd1 Nxe6 {[%emt 0:01:00]} 24. fxe6 {[%emt 1:02:21]} Qxe6 {[%emt 0:00:17]} 25. Qxe6+ {[%emt 0:00:33]} Rxe6 {[%emt 0:00:01]} 26. Rxd7 {[%emt 0:00:10]} Bc6 {[%emt 0:00:10]} 27. Rdd2 {[%emt 0:07:08]} h3 {[%emt 0:00:02]} 28. Nd5 {[%emt 0:00:10]} Kf7 {[%emt 0:04:11]} 29. b3 {[%emt 0:00:43]} Rd8 {[%emt 0:00:51]} 30. c4 {[%emt 0:00:02]} bxc4 {[%emt 0:00:19]} 31. bxc4 {[%emt 0:00:01]} Red6 {[%emt 0:00:16]} 32. gxh3 {[%emt 0:02:02]} Bxd5+ {[%emt 0:00:23]} 33. cxd5 {[%emt 0:00:02]} Rxd5 {[%emt 0:00:02]} 34. Rc2 {[%emt 0:00:35]} R8d7 {[%emt 0:00:25]} 35. Kg2 {[%emt 0:00:48]} Rd3 {[%emt 0:00:23]} 36. Bg5 {[%emt 0:00:40]} Kg6 {[%emt 0:00:25]} 37. Bc1 {[%emt 0:00:31]} Kh5 {[%emt 0:01:07]} 38. Rfe2 {[%emt 0:00:54]} R3d5 {[%emt 0:00:46]} 39. Rc4 {[%emt 0:01:23]} Kg6 {[%emt 0:00:50]} 40. Ra4 {[%emt 0:00:00]} a5 {[%emt 0:00:00]} 41. Be3 {[%emt 0:02:17]} Bg5 {[%emt 0:04:29]} 42. Bf2 {[%emt 0:01:59]} Rd2 {[%emt 0:05:41]} 43. Rxd2 {[%emt 0:04:03]} Rxd2 {[%emt 0:00:03]} 44. Kf3 {[%emt 0:01:01]} e4+ 45. Rxe4 {[%emt 0:00:30]} Rxa2 46. Re5 {[%emt 0:00:30]} Bf6 {[%emt 0:03:57]} 47. Re6 {[%emt 0:06:13]} Ra3+ {[%emt 0:09:12]} 48. Kg2 {[%emt 0:00:53]} a4 {[%emt 0:01:52]} 49. Ra6 {[%emt 0:00:02]} Kf5 {[%emt 0:00:59]} 50. h4 $1 {[%emt 0:00:26]} Ra2 {[%emt 0:01:10]} 51. Kf3 {[%emt 0:00:16]} Ra3+ {[%emt 0:01:42]} 52. Kg2 {[%emt 0:00:01]} Kg4 {[%emt 0:05:12]} 53. Bg3 {[%emt 0:02:25]} Ra2+ {[%emt 0:00:18]} 54. Kf1 {[%emt 0:00:01]} Kf3 {[%emt 0:00:44]} 55. Ke1 {[%emt 0:00:04]} Ke3 {[%emt 0:00:56]} 56. Re6+ {[%emt 0:01:02]} Kd3 {[%emt 0:00:30]} 57. h5 $2 {[%emt 0:00:15]} (57. Kf1) 57... Bd4 {[%emt 0:00:43]} 58. Kf1 {[%emt 0:00:45]} a3 {[%emt 0:00:32]} 59. Ra6 {[%emt 0:03:53]} Ra1+ $2 {[%emt 0:00:18]} (59... Bc5 60. Bd6 Ra1+ 61. Kg2 Bxd6 62. Rxd6+ Kc4) 60. Kg2 {[%emt 0:00:01]} a2 {[%emt 0:00:11]} 61. Kh3 {[%emt 0:00:05]} Kc2 {[%emt 0:01:12]} 62. Ra8 {[%emt 0:00:08]} Bc3 {[%emt 0:00:33]} 63. Bd6 {[%emt 0:00:55]} Kb3 $11 {[%emt 0:01:10]} (63... Bf6 $17 64. Bf8 Kb3 65. Rb8+ Kc2 66. Rc8+ Kb2 67. Rb8+ Kc2 68. Rc8+ Kb3 69. Rb8+ Kc3) 64. Ra3+ {[%emt 0:06:48]} Kb2 {[%emt 0:00:03]} 65. Rxc3 {[%emt 0:00:05]} Re1 {[%emt 0:00:31]} 66. Ra3 {[%emt 0:00:05]} a1=Q {[%emt 0:00:07]} 67. Rxa1 {[%emt 0:00:03]} Kxa1 {[%emt 0:00:09]} 1/2-1/2

[Event "XII Figueira da Foz Open 2018"]
[Site "Figueira da Foz"]
[Date "2018.11.01"]
[Round "5"]
[White "Lisowski, Krzysztof"]
[Black "Veiga, Jose Francisco R P "]
[Result "1/2-1/2"]
[WhiteElo "2095"]
[BlackElo "2272"]
[Annotator "TA"]
[PlyCount "156"]
[EventDate "2018.10.30"]
[EventType "swiss"]
[EventCountry "POR"]
[SourceTitle "playchess.com"]
[Source "ChessBase"]
[SourceQuality "1"]

{[%evp 18,156,0,0,25,7,36,-46,-45,-64,-9,-43,-35,-147,-62,-62,-46,-44,-62,-68,-17,-70,-53,-77,-48,-78,-85,-85,-77,-72,-68,-70,-85,-77,36,36,31,25,42,53,62,49,68,15,39,41,95,94,96,85,98,99,119,62,101,64,79,58,55,61,77,62,72,61,67,52,117,122,135,128,127,102,98,100,113,67,67,67,66,17,18,17,15,8,8,8,8,8,31,8,83,0,8,0,102,0,18,0,0,0,0,0,0,0,81,23,52,44,77,38,43,8,8,0,0,0,0,0,13,0,0,0,0,0,0,0,0,0,0,0,0,0,0,0,0,0,0,0,0,0,0]} 1. e4 e5 2. Nf3 Nc6 3. Bc4 Bc5 4. c3 Nf6 5. d4 exd4 6. e5 d5 7. Be2 Ne4 8. cxd4 Bb4+ 9. Nbd2 O-O {C54: Giuoco Piano: 4 c3 Nf6, main lines with 5 d4 and 5 d3} 10. O-O {LiveBook: 8 Games} Bg4 11. Nb3 (11. h3 Bh5 12. Nb3 f6 13. exf6 Qxf6 14. Be3 Rae8 15. Nc5 Bxc5 16. dxc5 Qxb2 17. Qxd5+ {1-0 (42) Mamedov,R (2637)-Smirin,I (2663) Khanty-Mansiysk 2013}) 11... f6 12. exf6 $146 (12. Be3 $14) ({Predecessor:} 12. a3 Be7 13. h3 Bh5 14. exf6 Bxf6 15. Bf4 Qe7 16. Bh2 Rae8 17. Re1 Nxf2 18. Kxf2 Nxd4 {1-0 (63) Mosadeghpour,M (2325)-Ghaem Maghami,E (2554) Rasht 2015}) 12... Qxf6 $15 13. Be3 Rad8 (13... Kh8 $15) 14. Rc1 Bd6 15. Qd3 (15. a3 $15) 15... Nb4 (15... Bxf3 $17 16. Bxf3 Nb4) 16. Qd1 $1 Nxa2 17. Ra1 Nb4 18. Rxa7 Nc6 (18... b6 $15) 19. Ra1 (19. Rxb7 $11 Qf7 20. Rb5) 19... Ne7 {[%cal Bc6e7,Be7f5,Bf5e3][%mdl 32]} 20. Nc5 Nf5 21. Nxb7 Nxe3 22. fxe3 {[#]} Qh6 $1 {[%mdl 512]} 23. Nxd6 Qxe3+ ({But not} 23... cxd6 24. Ra3 $11) ({Much worse is} 23... Nxd6 $6 24. Ra3 $14) 24. Kh1 {Threatens to win with Nxe4.} Rxd6 25. Qe1 Rh6 {[#]} (25... Bxf3 $17 26. Bxf3 Qxd4 27. Bxe4 Rxf1+ 28. Qxf1 dxe4 29. Ra8+ Rd8 30. Rxd8+ Qxd8 31. Qc4+ Kf8) 26. Bc4 $1 $14 {[%mdl 512]} Qxe1 (26... dxc4 27. Qxe3) 27. Bxd5+ Be6 28. Bxe6+ (28. Raxe1 $2 {perishes.} Bxd5 29. Kg1 Rb6 $19) 28... Rxe6 29. Rfxe1 Rb8 30. Rab1 (30. Rec1 $14) 30... Ree8 31. Kg1 c5 (31... h6 $14) 32. dxc5 $16 Nxc5 33. Rxe8+ Rxe8 {[%mdl 4096] Endgame KRN-KRN} 34. b4 Rb8 35. Kf1 (35. b5 $16) 35... Kf7 36. Nd2 Na4 37. Rb3 Ke6 38. Ke2 Kd5 39. Rh3 h6 40. Rg3 Rb7 41. Rg4 g5 ({Black should try} 41... Nc3+ $14 42. Kd3 Na2) 42. Kd3 Nb2+ 43. Kc2 Na4 44. Kb3 Nc5+ 45. Kc3 Ne6 46. Nf1 Rc7+ 47. Kd2 Ke5 48. Rg3 Nf4 49. Re3+ Kd4 50. g3 Nd5 51. Rd3+ Ke4 52. Rb3 Rd7 53. Ke2 Re7 (53... Rb7 $11 {keeps the balance.}) 54. Kd2 (54. Ne3 $16) 54... Rf7 55. Ke2 ({Better is} 55. Ke1 $11) 55... Re7 56. Kd2 (56. Ne3 $16) 56... Ra7 57. Ke2 Ra2+ 58. Nd2+ Kd4 $1 59. Rd3+ Ke5 60. Rb3 Nb6 (60... Kd4 $1 $11 {remains equal.}) 61. Re3+ (61. Kd3 $16) 61... Kd5 62. Rd3+ Kc6 63. Rc3+ Kb5 64. Rc5+ Kxb4 {The position is equal.} 65. Rc6 Kb5 66. Rc3 Nd5 67. Rc8 Ra6 68. Kf3 Rf6+ 69. Kg4 Rf2 {( -> ...Nf6+)} 70. Rc5+ Kxc5 71. Ne4+ Kd4 72. Nxf2 $11 {KN-KN} Ke3 73. Nh3 Nf6+ 74. Kf5 Ne4 75. Kg6 {[#]} Nxg3 $1 {[%mdl 512]} 76. hxg3 Kf3 77. Nxg5+ hxg5 78. Kxg5 {Intending g4 and mate.} Kxg3 {Precision: White = 43%, Black = 44%.} 1/2-1/2

[Event "XII Figueira da Foz Open 2018"]
[Site "Figueira da Foz"]
[Date "2018.11.01"]
[Round "5"]
[White "Fernandes, Miguel A. Murtinho"]
[Black "Rotstein, Arkadij"]
[Result "0-1"]
[WhiteElo "2048"]
[BlackElo "2476"]
[Annotator "TA"]
[PlyCount "58"]
[EventDate "2018.10.30"]
[EventType "swiss"]
[EventCountry "POR"]
[SourceTitle "playchess.com"]
[Source "ChessBase"]
[SourceQuality "1"]

{[%evp 16,58,27,-1,44,-8,13,0,47,40,59,14,14,6,0,0,8,11,8,0,0,0,14,-18,-15,-15,-18,-19,16,-32,0,-39,-35,-147,-123,-137,-157,-186,-195,-277,-288,-397,-387,-392,-388]} 1. d4 Nf6 2. c4 d6 3. Nf3 Nbd7 4. Nc3 e5 5. e3 g6 6. Be2 Bg7 7. O-O O-O 8. b4 Re8 9. Qc2 {LiveBook: 25 Games} Nf8 {E61: King's Indian: Early deviations for White, including Smyslov System} (9... Qe7 10. Bb2 e4 11. Nd2 h5 12. Rac1 h4 13. Rfd1 h3 14. g3 c6 15. Nb3 a6 16. d5 cxd5 17. Nxd5 Nxd5 18. Rxd5 Bxb2 19. Qxb2 {0-1 (41) Lalith,B (2537)-Yu,Y (2724) Caleta 2015}) 10. a4 (10. dxe5 $14 dxe5 11. Bb2) 10... Bf5 $146 ({Predecessor:} 10... h5 11. Rd1 Bf5 12. Qb3 e4 13. Nd2 N8h7 14. b5 Ng4 15. h3 Ngf6 16. Nf1 g5 17. Ng3 {½-½ (27) Rinaldi,F (2181)-Codenotti,M (1992) Livorno 2008}) 11. Qb3 e4 {The position is equal.} 12. Nd2 h5 13. c5 d5 14. a5 a6 15. b5 c6 16. bxc6 bxc6 17. Qa4 Qc7 18. Rb1 Bg4 19. Rb6 Bxe2 $1 20. Nxe2 ({Wrong is} 20. Rxc6 $2 Qd7 $19) 20... Ng4 {[%csl Gg4][%cal Rc7h2] [#]} 21. g3 Re6 22. Nc3 Ra7 23. Na2 h4 {aiming for ...hxg3.} 24. Nb4 (24. Qd1 $15 f5 25. Nb3) 24... hxg3 $17 25. hxg3 Nxe3 $1 26. Re1 {[#]} Nf5 $1 {[%cal Be3f5,Bf5d4,Bd4e2,Be2c3][%mdl 32] White must now prevent ...e3.} ({Inferior is} 26... Bxd4 27. Nb3 $15) 27. Nf1 (27. Nb3 {might work better.} e3 28. Bxe3) 27... Nxd4 $19 28. Rd1 Ne2+ 29. Kg2 Nc3 {Precision: White = 23%, Black = 55%.} 0-1

[Event "XII Figueira da Foz Open 2018"]
[Site "Figueira da Foz"]
[Date "2018.11.01"]
[Round "5"]
[White "Lopez de Turiso, Jose Angel"]
[Black "Vassallo Barroche, Mauricio"]
[Result "0-1"]
[WhiteElo "1933"]
[BlackElo "2378"]
[Annotator "TA"]
[PlyCount "52"]
[EventDate "2018.10.30"]
[EventType "swiss"]
[EventCountry "POR"]
[SourceTitle "playchess.com"]
[Source "ChessBase"]
[SourceQuality "1"]

{[%evp 10,52,-36,-15,-13,-12,-8,-6,-6,-101,-97,-101,-85,-162,-64,-66,-62,-60,-64,-138,-134,-127,-68,-162,-162,-388,-380,-376,-380,-460,-384,-493,-465,-29994,-29995,-29995,-29996,-29996,-514,-487,-432,-432,-428,-427,-423]} 1. f4 d5 2. Nf3 g6 3. d3 Bg7 4. e4 (4. g3 c6 5. Bg2 Qb6 6. c3 Nf6 7. e3 Bg4 8. h3 Bxf3 9. Qxf3 Nbd7 10. g4 e5 11. g5 Nh5 12. d4 exf4 13. exf4 O-O {0-1 (53) Moiseenko,V (2533)-Ladva,O (2453) Riga 2016}) 4... dxe4 5. dxe4 Qxd1+ 6. Kxd1 {LiveBook: 3 Games. A03: Bird's Opening with 1...d5} Nc6 7. c3 Nf6 8. Bd3 {The position is equal.} Bg4 $146 ({Predecessor:} 8... e5 9. h3 Nh5 10. Nxe5 Nxf4 11. Bxf4 Nxe5 12. Bxe5 Bxe5 {½-½ (21) Bachler,R (2241)-Supancic,D (2377) Austria 2009}) 9. Ke2 (9. Rf1 $11 {remains equal.}) 9... O-O-O $17 10. Bc2 e5 11. h3 (11. Kf2 $17) 11... Bxf3+ (11... Nh5 $1 $19 {[%cal Rh5g3]} 12. Kf2 Bxf3 13. gxf3 exf4) 12. Kxf3 $15 exf4 13. Bxf4 Nh5 $36 {[%mdl 2048] Black has the initiative.} 14. Na3 ({White should try} 14. Bh2 $15) 14... Nxf4 $17 15. Kxf4 Bf8 ({Black should play} 15... Rd2 $17 {White must now prevent ...h5.} 16. Rhg1 Rhd8) 16. Nc4 {[#]} (16. Rad1 $15) 16... b5 $1 $19 17. Ne3 $2 (17. Na3) 17... Bh6+ 18. Kf3 {[#]} Rd2 $1 19. Ng4 Bg7 ({Weaker is} 19... Rxc2 20. Nxh6 Ne5+ 21. Kg3 $17) 20. Rac1 h5 21. Ne3 (21. Rhd1 $19 hxg4+ 22. hxg4 Ne5+ 23. Kg3) 21... Ne5+ 22. Kf4 Bh6+ 23. Kxe5 Bxe3 (23... Bg5 $142 24. Bd3 Rxd3 25. Nd5 Re8+ 26. Ne7+ Rxe7#) 24. Bb3 {Black is clearly winning.} Re8+ 25. Kf6 Rf2+ 26. Kg7 Bxc1 {Precision: White = 23%, Black = 52%.} 0-1

[Event "XII Figueira da Foz Open 2018"]
[Site "Figueira da Foz"]
[Date "2018.11.01"]
[Round "5"]
[White "Pipiras, Filipa Fortuna"]
[Black "Morais, Vitor"]
[Result "1/2-1/2"]
[WhiteElo "1853"]
[BlackElo "1918"]
[Annotator "NA"]
[PlyCount "126"]
[EventDate "2018.10.30"]
[EventType "swiss"]
[EventCountry "POR"]
[SourceTitle "playchess.com"]
[Source "ChessBase"]
[SourceQuality "1"]
[TimeControl "40/5400+30:1800+30"]

1. d4 {[%emt 0:09:08]} g6 {[%emt 0:00:00]} 2. c4 {[%emt 0:00:26]} Bg7 {[%emt 0:00:00]} 3. Nc3 {[%emt 0:00:29]} Nf6 {[%emt 0:00:00]} 4. Nf3 {[%emt 0:00:32]} O-O {[%emt 0:00:04]} 5. Bg5 {[%emt 0:01:18]} d6 {[%emt 0:00:09]} 6. e3 {[%emt 0:00:30]} Nbd7 {[%emt 0:00:13]} 7. Be2 {[%emt 0:00:26]} h6 {[%emt 0:00:17]} 8. Bh4 {[%emt 0:00:45]} e5 {[%emt 0:01:03]} 9. Qc2 {[%emt 0:00:23]} c6 {[%emt 0:00:16]} 10. O-O {[%emt 0:00:35]} Qe7 {[%emt 0:00:06]} 11. Rfd1 {[%emt 0:00:57]} g5 {[%emt 0:00:25] E61: King's Indian: Early deviations for White, including Smyslov System} 12. Bg3 {[%emt 0:00:47]} (12. dxe5 dxe5 13. Bg3 Nh5 14. Bd3 Nxg3 15. hxg3 Nc5 16. Bf5 e4 17. Bxc8 Raxc8 18. Nd4 f5 19. Qe2 {½-½ (57) Gausel,E (2479)-Djurhuus,R (2421) Norway 2018}) 12... Nh5 {[%emt 0:00:19] LiveBook: 4 Partien} 13. dxe5 {[%emt 0:07:19]} Nxg3 {[%emt 0:00:31]} 14. hxg3 {[%emt 0:00:12]} dxe5 {[%emt 0:00:07]} 15. Ne4 {[%emt 0:01:14]} (15. Nd2 $14) 15... f5 $146 {[%emt 0:00:32]} ({Predecessor:} 15... Nc5 16. Nd6 a5 17. Nxc8 Raxc8 18. Nd2 f5 {1-0 (48) Koc,I (2050)-Kocak,C (1944) Antalya 2017}) 16. Nd6 {[%emt 0:03:52]} e4 {[%emt 0:00:10]} 17. Nxc8 {[%emt 0:01:04]} Raxc8 {[%emt 0:00:10]} 18. Nd4 {[%emt 0:00:44]} Ne5 $11 {[%emt 0:00:09]} 19. c5 Kh8 {[%emt 0:00:30]} 20. b4 a6 {[%emt 0:00:30]} 21. Rab1 Rf6 {[%emt 0:00:30]} 22. a4 Nd7 {[%emt 0:00:30]} 23. Qd2 Nf8 {[%emt 0:00:30]} 24. b5 cxb5 {[%emt 0:00:30]} 25. axb5 Rxc5 {[%emt 0:00:30]} 26. bxa6 bxa6 {[%emt 0:00:30]} 27. Qb4 Qc7 {[%emt 0:00:30]} 28. Nb3 Rc3 {[%emt 0:00:30]} 29. Nd4 f4 {[%emt 0:00:30]} 30. gxf4 gxf4 {[%emt 0:00:30]} 31. exf4 Rxf4 {[%emt 0:00:30]} 32. Bxa6 Rh4 {[%emt 0:00:30]} 33. Qb8 Qf7 {[%emt 0:00:30]} 34. g3 Qg6 {[%emt 0:00:30]} 35. Bf1 e3 {[%emt 0:00:30]} 36. Ne2 exf2+ {[%emt 0:00:30]} 37. Kxf2 Rh2+ {[%emt 0:00:30]} 38. Bg2 Rc2 {[%emt 0:00:30]} 39. Qa8 Rxe2+ {[%emt 0:00:30]} 40. Kxe2 Qxg3 {[%emt 0:00:30]} 41. Kf1 Kh7 {[%emt 0:30:30]} 42. Qe4+ Kh8 {[%emt 0:00:30]} 43. Qf3 Qxf3+ {[%emt 0:00:30]} 44. Bxf3 Rh4 {[%emt 0:00:30]} 45. Rb7 Rf4 {[%emt 0:00:30]} 46. Kg2 Rf5 {[%emt 0:00:30]} 47. Rc1 Rg5+ {[%emt 0:00:30]} 48. Kf1 Kg8 {[%emt 0:00:30]} 49. Rcc7 Ne6 {[%emt 0:00:30]} 50. Re7 Nf8 {[%emt 0:00:30]} 51. Bd1 Bf6 {[%emt 0:00:30]} 52. Bb3+ Kh8 {[%emt 0:00:30]} 53. Rf7 Bg7 {[%emt 0:00:30]} 54. Rxg7 Rxg7 {[%emt 0:00:30]} 55. Rb8 Rg5 {[%emt 0:00:30]} 56. Rxf8+ Kg7 {[%emt 0:00:30]} 57. Rg8+ Kf6 {[%emt 0:00:30]} 58. Rh8 Rf5+ {[%emt 0:00:30]} 59. Kg2 Kg5 {[%emt 0:00:30]} 60. Rg8+ Kf4 {[%emt 0:00:30]} 61. Kh3 Rh5+ {[%emt 0:00:30]} 62. Kg2 Rg5+ {[%emt 0:00:30]} 63. Rxg5 hxg5 {[%emt 0:00:30]} 1/2-1/2

[Event "XII Figueira da Foz Open 2018"]
[Site "Figueira da Foz"]
[Date "2018.11.01"]
[Round "5"]
[White "Louzao Brea, Jose Luis"]
[Black "Correia, Pedro Mourao Soares"]
[Result "1-0"]
[WhiteElo "1835"]
[BlackElo "1518"]
[Annotator "NA"]
[PlyCount "46"]
[EventDate "2018.10.30"]
[EventType "swiss"]
[EventCountry "POR"]
[SourceTitle "playchess.com"]
[Source "ChessBase"]
[SourceQuality "1"]
[TimeControl "40/5400+30:1800+30"]

{[%evp 9,39,50,103,79,95,92,92,75,81,88,116,83,83,95,103,98,107,103,106,60,83,-68,-44,-89,-88,-101,-89,-123,-83,-89,-10,-146]} 1. e4 d5 2. exd5 Nf6 3. Bb5+ Bd7 4. Bc4 c6 5. Nc3 {B01: Scandinavian Defence} (5. dxc6 Nxc6 6. Nf3 e5 7. d3 Bg4 8. h3 Bh5 9. Nbd2 Qc7 10. c3 O-O-O 11. Qe2 Bc5 12. Ne4 Bb6 13. Bg5 Qe7 {1-0 (40) Zajarnyi,A (2337)-Kigel,D (2210) Rodatychi 2011}) 5... cxd5 6. Nxd5 e6 7. Nxf6+ Qxf6 8. Qf3 Qe5+ 9. Qe2 Qg5 10. f3 $146 ({Predecessor:} 10. g3 Bc6 11. f3 Nd7 12. d4 Qe7 {0-1 (41) Aubin,A (1760)-Chabot,J (1610) Niort 2002}) 10... Bd6 11. d4 Qf6 12. c3 O-O 13. Nh3 e5 14. Bg5 Qg6 15. g4 $2 (15. dxe5 $16 Bxh3 16. Be3 (16. gxh3 Qxg5 17. exd6 Nc6 $11) 16... Bxe5 17. gxh3) 15... exd4 16. Bd3 {[#]} f5 $1 17. O-O dxc3 18. bxc3 Nc6 19. Rad1 Ne5 $11 (19... Rae8 $17 20. Be3 {[#]} Bc5 $1 {[%mdl 512]} 21. Bc4+ Kh8 22. Bxc5 Rxe2 23. Bxf8 Re4 $1 {[%mdl 512]} 24. fxe4 Qxg4+ 25. Kh1 Qxe4+ 26. Kg1 Qg4+ 27. Kh1 Qxc4) 20. Bc2 (20. Be7 $1 $11 {remains equal.} Bxe7 21. Qxe5 Qb6+ 22. Nf2) 20... Nc6 21. Qb5 Kh8 22. Qd5 Be6 23. Qxd6 Rad8 1-0

[Event "XII Figueira da Foz Open 2018"]
[Site "Figueira da Foz"]
[Date "2018.11.01"]
[Round "5"]
[White "Morais, Mario Martins Freit"]
[Black "Silva, Pedro Gil Ferreira "]
[Result "0-1"]
[WhiteElo "1766"]
[BlackElo "1837"]
[Annotator "NA RC"]
[PlyCount "90"]
[EventDate "2018.10.30"]
[EventType "swiss"]
[EventCountry "POR"]
[SourceTitle "playchess.com"]
[Source "ChessBase"]
[SourceQuality "1"]
[TimeControl "40/5400+30:1800+30"]

1. d3 {[%emt 0:02:42]} d5 {[%emt 0:00:00]} 2. Nf3 {[%emt 0:01:07]} Nf6 {[%emt 0:00:41]} 3. c3 {[%emt 0:00:28]} c5 {[%emt 0:00:59]} 4. g3 {[%emt 0:00:28]} e6 {[%emt 0:00:40]} 5. Bg2 {[%emt 0:00:56]} Nc6 {[%emt 0:02:14]} 6. Nbd2 {[%emt 0:01:15]} Be7 {[%emt 0:02:08]} 7. Qc2 {[%emt 0:01:47]} O-O {[%emt 0:00:37]} 8. O-O {[%emt 0:00:20]} Qc7 {[%emt 0:01:42]} 9. e4 {[%emt 0:00:32]} b5 {[%emt 0:02:45]} 10. d4 {[%emt 0:08:52]} cxd4 {[%emt 0:07:00]} 11. cxd4 {[%emt 0:00:17]} Qb6 {[%emt 0:00:33]} 12. e5 {[%emt 0:01:39]} Nd7 {[%emt 0:00:30]} 13. Nb3 {[%emt 0:01:42]} a5 {[%emt 0:02:14]} 14. Be3 Ba6 {[%emt 0:07:37]} 15. Rfc1 {[%emt 0:19:22]} Rfc8 {[%emt 0:03:34]} 16. Qd1 {[%emt 0:00:47]} a4 {[%emt 0:10:32]} 17. Nbd2 {[%emt 0:01:50]} Nb4 {[%emt 0:03:30]} 18. Bf1 {[%emt 0:04:15]} Rxc1 {[%emt 0:06:04]} 19. Qxc1 {[%emt 0:00:12]} Rc8 {[%emt 0:00:33]} 20. Qd1 {[%emt 0:00:15]} h6 {[%emt 0:14:45]} 21. a3 {[%emt 0:03:19]} Nc2 {[%emt 0:01:04]} 22. Rc1 {[%emt 0:00:34]} Nxe3 {[%emt 0:00:06]} 23. Rxc8+ {[%emt 0:00:15]} Bxc8 {[%emt 0:00:04]} 24. fxe3 {[%emt 0:00:25]} Qc6 {[%emt 0:00:28]} 25. Bd3 {[%emt 0:08:14]} Nb6 {[%emt 0:05:48]} 26. Bb1 {[%emt 0:06:20]} Bb7 {[%emt 0:11:13]} 27. Qc2 {[%emt 0:10:57]} Qxc2 28. Bxc2 {[%emt 0:00:14]} Bc6 {[%emt 0:01:05]} 29. Kf2 {[%emt 0:03:01]} Nc4 {[%emt 0:01:02]} 30. Nxc4 {[%emt 0:00:14]} bxc4 {[%emt 0:00:35]} 31. Ng1 {[%emt 0:01:11]} c3 {[%emt 0:00:32]} 32. bxc3 {[%emt 0:00:03]} Bxa3 33. Ke1 Bc1 {[%emt 0:04:30]} 34. Kd1 {[%emt 0:12:49]} Bxe3 {[%emt 0:00:36]} 35. Ne2 {[%emt 0:00:24]} f5 {[%emt 0:01:03]} 36. Nc1 {[%emt 0:01:28]} Bxc1 {[%emt 0:00:09]} 37. Kxc1 {[%emt 0:00:03]} g5 {[%emt 0:00:04]} 38. Kb2 {[%emt 0:01:55]} Kf7 {[%emt 0:00:40]} 39. h4 {[%emt 0:07:11]} gxh4 {[%emt 0:00:22]} 40. gxh4 {[%emt 0:00:00]} Kg6 {[%emt 0:00:00]} 41. Bd1 {[%emt 0:00:07]} f4 {[%emt 0:00:57]} 42. Bg4 {[%emt 0:00:23]} Bd7 {[%emt 0:00:37]} 43. Ka3 {[%emt 0:02:26]} h5 {[%emt 0:03:39]} 44. Bh3 {[%emt 0:00:06]} f3 {[%emt 0:00:29]} 45. Kb4 {[%emt 0:00:02]} f2 {[%emt 0:00:37]} 0-1

[Event "XII Figueira da Foz Open 2018"]
[Site "Figueira da Foz"]
[Date "2018.11.01"]
[Round "5"]
[White "Asvestopoulou, Evdokia"]
[Black "Dong, Rafael"]
[Result "1-0"]
[WhiteElo "1720"]
[BlackElo "1360"]
[Annotator "NA RC"]
[PlyCount "49"]
[EventDate "2018.10.30"]
[EventType "swiss"]
[EventCountry "POR"]
[SourceTitle "playchess.com"]
[Source "ChessBase"]
[SourceQuality "1"]
[TimeControl "40/5400+30:1800+30"]

1. d4 {[%emt 0:11:17]} Nf6 {[%emt 0:00:00]} 2. c4 {[%emt 0:00:16]} e6 {[%emt 0:00:00]} 3. Nf3 {[%emt 0:00:26]} b6 {[%emt 0:00:04]} 4. g3 {[%emt 0:00:13]} Bb7 {[%emt 0:00:09]} 5. Bg2 {[%emt 0:00:10]} Be7 {[%emt 0:01:01]} 6. O-O {[%emt 0:00:07]} c5 {[%emt 0:00:28]} 7. e3 {[%emt 0:03:18]} O-O {[%emt 0:00:17]} 8. Nc3 {[%emt 0:00:42]} d6 {[%emt 0:01:12]} 9. Re1 {[%emt 0:01:55]} Nbd7 {[%emt 0:02:11]} 10. e4 {[%emt 0:02:26]} d5 {[%emt 0:09:56]} 11. exd5 {[%emt 0:05:10]} exd5 {[%emt 0:00:20]} 12. Ne5 {[%emt 0:01:00]} cxd4 {[%emt 0:01:50]} 13. Qxd4 {[%emt 0:01:45]} Bc5 {[%emt 0:02:18]} 14. Qd1 {[%emt 0:00:56]} Nxe5 {[%emt 0:00:22]} 15. Rxe5 {[%emt 0:00:33]} Qc7 {[%emt 0:00:59]} 16. Bf4 {[%emt 0:09:59]} Bd6 {[%emt 0:01:25]} 17. Nb5 {[%emt 0:07:13]} Qd7 {[%emt 0:02:54]} 18. Nxd6 {[%emt 0:15:55]} Qxd6 {[%emt 0:00:01]} 19. cxd5 {[%emt 0:02:28]} Qd7 {[%emt 0:04:29]} 20. d6 {[%emt 0:07:06]} Bxg2 {[%emt 0:00:57]} 21. Kxg2 {[%emt 0:00:02]} Rfe8 {[%emt 0:02:42]} 22. Rc1 {[%emt 0:03:44]} Rxe5 {[%emt 0:00:56]} 23. Bxe5 {[%emt 0:00:09]} Ne8 {[%emt 0:00:23]} 24. Rc3 {[%emt 0:06:15]} f6 {[%emt 0:00:43]} 25. Qd5+ {[%emt 0:01:38]} 1-0